000
00381nam a22001577a 4500
003
MPLRDC
005
20220104143710.0
008
210129b ||||| |||| 00| 0 eng d
082
_a
857.9 LYS-31 v.2 c.2
100
_a
梁羽生
245
_a
绝塞传烽录. 下
_c
260
_a
_b
伟青书店
_c
300
_b
平
650
_a
武侠小说
942
_c
BK
_o
857.9 LYS-31 v.2 c.2
999
_c
42463
_d
42453